200 câu hỏi và giải đáp về hợp đồng lao động

Сохранить в:
Библиографические подробности
Главный автор: BỘ LAO ĐỘNG THƯƠNG BINH VÀ XÃ HỘI
Формат:
Язык:Undetermined
Опубликовано: Hà Nội Lao động - Xã hội 2000
Метки: Добавить метку
Нет меток, Требуется 1-ая метка записи!
Thư viện lưu trữ: Trung tâm Học liệu Trường Đại học Cần Thơ
LEADER 00563nam a2200157Ia 4500
001 CTU_46895
008 210402s9999 xx 000 0 und d
082 |a 344.59701 
082 |b B450/2000 
100 |a BỘ LAO ĐỘNG THƯƠNG BINH VÀ XÃ HỘI 
245 0 |a 200 câu hỏi và giải đáp về hợp đồng lao động 
245 0 |c BỘ LAO ĐỘNG THƯƠNG BINH VÀ XÃ HỘI 
260 |a Hà Nội 
260 |b Lao động - Xã hội 
260 |c 2000 
980 |a Trung tâm Học liệu Trường Đại học Cần Thơ